| 000 | 00339 a2200133 4500 | ||
|---|---|---|---|
| 005 | 20250505104532.0 | ||
| 020 | _a0-340-84913-4 | ||
| 082 | _aLECT 001.642 BRI | ||
| 100 | _aBRIDE, M. | ||
| 245 | _aTeach Yourself: New Clait | ||
| 260 |
_aLondon, _bMcGraw-Hill, _c2003. |
||
| 300 |
_aix, 244p,: ill.; figure. _bIndex. _c21cm. |
||
| 942 |
_2ddc _cBKS |
||
| 999 |
_c1899 _d1899 |
||